Alle Gemeinden Österreichs die mit Sankt beginnen - Statistiken

Allgemein
  • Dieses Quiz wurde 219 mal gespielt
    167 seit der letzten Aktualisierung
  • Das Durchschnittsergebnis liegt bei 34 aus 164
Antwortstatistiken
Sankt Einwohner Gemeinde % Korrekt
St. Johann - St. Johann
81%
St. Pölten 55.044 St. Pölten
69%
St. Veit - St. Veit
65%
St. Martin 1.111 St. Martin
64%
St. Peter - St. Peter
60%
St. Georgen - St. Georgen
56%
St. Jakob - St. Jakob
56%
St. Michael - St. Michael
55%
St. Anna - St. Anna
54%
St. Anton - St. Anton
54%
St. Paul - St. Paul
53%
St. Leonhard - St. Leonhard
52%
St. Stefan - St. Stefan
51%
St. Andrä 9.922 St. Andrä
49%
St. Florian 6.185 St. Florian
49%
St. Josef 1.622 St. Josef
49%
St. Margareten - St. Margareten
48%
St. Margarethen - St. Margarethen
48%
St. Ulrich - St. Ulrich
48%
St. Lorenz 2.516 St. Lorenz
46%
St. Oswald 1.122 St. Oswald
46%
St. Thomas 548 St. Thomas
46%
St. Wolfgang - St. Wolfgang
45%
St. Marien 4.785 St. Marien
44%
St. Marein - St. Marein
42%
St. Lorenzen - St. Lorenzen
41%
St. Corona - St. Corona
40%
St. Valentin 9.314 St. Valentin
40%
St. Radegund 597 St. Radegund
39%
St. Aegyd - St. Aegyd
38%
St. Kathrein - St. Kathrein
38%
St. Nikola - St. Nikola
37%
St. Bartholomä 1.438 St. Bartholomä
34%
St. Kanzian - St. Kanzian
34%
St. Pantaleon 3.154 St. Pantaleon
34%
St. Aegidi 1.548 St. Aegidi
33%
St. Bernhard - St. Bernhard
32%
St. Gilgen 3.928 St. Gilgen
32%
St. Gallen 1.821 St. Gallen
31%
St. Marienkirchen - St. Marienkirchen
31%
St. Ruprecht - St. Ruprecht
31%
St. Johann 11.017 im Pongau
30%
St. Veit 3.819 im Pongau
29%
St. Koloman 1.747 St. Koloman
29%
St. Pankraz 363 St. Pankraz
29%
St. Barbara - St. Barbara
28%
St. Nikolai - St. Nikolai
28%
St. Veit 12.557 an der Glan
24%
St. Johann 9.477 in Tirol
23%
St. Agatha 2.120 St. Agatha
23%
St. Lambrecht 1.807 St. Lambrecht
23%
St. Anna 2.342 am Aigen
22%
St. Anton 2.358 am Arlberg
22%
St. Georgen 1.965 im Lavanttal
22%
St. Paul 3.271 im Lavanttal
22%
St. Peter 5.194 in der Au
22%
St. Egyden - St. Egyden
22%
St. Gerold 421 St. Gerold
22%
St. Georgen 1.955 am Walde
20%
St. Johann 2.046 am Walde
20%
St. Corona 390 am Wechsel
20%
St. Nikola 779 an der Donau
20%
St. Margarethen 2.650 im Burgenland
20%
St. Johann 287 im Walde
20%
St. Gallenkirch 2.226 St. Gallenkirch
20%
St. Willibald 1.094 St. Willibald
20%
St. Florian 3.183 am Inn
19%
St. Lorenzen 1.480 am Wechsel
19%
St. Marein 3.739 bei Graz
19%
St. Radegund 2.150 bei Graz
19%
St. Michael 967 im Burgenland
19%
St. Jakob 1.049 im Walde
19%
St. Andrä 7.845 Wördern
18%
St. Michael 3.521 im Lungau
17%
St. Michael 3.056 in Obersteiermark
17%
St. Roman 1.714 St. Roman
17%
St. Urban 1.540 St. Urban
17%
St. Leonhard 2.989 am Forst
16%
St. Georgen 4.177 an der Gusen
16%
St. Andrä 761 im Lungau
16%
St. Margarethen 712 im Lungau
16%
St. Gotthard - St. Gotthard
16%
St. Thomas 924 am Blasenstein
15%
St. Kanzian 4.452 am Klopeiner See
15%
St. Martin 2.046 im Innkreis
15%
St. Jakob 4.235 im Rosental
15%
St. Margareten 1.103 im Rosental
15%
St. Stefan 3.956 im Rosental
15%
St. Georgen 4.440 im Attergau
14%
St. Veit 407 im Innkreis
14%
St. Barbara 6.586 im Mürztal
14%
St. Lorenzen 3.610 im Mürztal
14%
St. Jakob 842 in Defereggen
14%
St. Veit 652 in Defereggen
14%
St. Konrad 1.128 St. Konrad
14%
St. Gotthard 1.304 im Mühlkreis
13%
St. Martin 3.778 im Mühlkreis
13%
St. Ulrich 637 im Mühlkreis
13%
St. Veit 1.227 im Mühlkreis
13%
St. Marein 2.692 im Mürztal
13%
St. Egyden 1.979 am Steinfeld
12%
St. Martin 1.977 an der Raab
12%
St. Leonhard 1.388 bei Freistadt
12%
St. Oswald 2.906 bei Freistadt
12%
St. Aegyd 1.860 am Neuwalde
11%
St. Peter 1.762 am Wimberg
11%
St. Andrä 1.386 am Zicksee
11%
St. Marienkirchen 2.337 an der Polsenz
11%
St. Stefan 3.576 ob Stainz
11%
St. Johann 1.016 am Wimberg
10%
St. Margarethen 4.100 an der Raab
10%
St. Ruprecht 5.323 an der Raab
10%
St. Oswald 1.263 bei Plankenwarth
10%
St. Wolfgang 2.757 im Salzkammergut
10%
St. Georgen 2.974 bei Salzburg
9%
St. Georgen 843 ob Judenburg
9%
St. Peter 1.087 ob Judenburg
9%
St. Kathrein 634 am Hauenstein
8%
St. Kathrein 1.078 am Offenegg
8%
St. Margarethen 1.009 an der Sierning
8%
St. Ulrich 3.022 bei Steyr
8%
St. Andrä 1.731 Höch
8%
St. Stefan 1.908 ob Leoben
8%
St. Sigmund - St. Sigmund
8%
St. Stefan 1.100 Afiesl
7%
St. Peter 2.430 am Hart
7%
St. Marienkirchen 870 am Hausruck
7%
St. Oswald 503 bei Haslach
7%
St. Martin 1.152 bei Lofer
7%
St. Peter 2.366 Freienstein
7%
St. Nikolai 2.278 im Sausal
7%
St. Veit 4.085 in der Südsteiermark
7%
St. Jakob 783 in Haus
7%
St. Georgen 2.877 am Ybbsfelde
6%
St. Margarethen 2.703 bei Knittelfeld
6%
St. Johann 2.156 in der Haide
6%
St. Anton 1.199 an der Jeßnitz
5%
St. Marienkirchen 1.893 bei Schärding
5%
St. Marein 2.005 Feistritz
5%
St. Stefan 1.604 im Gailtal
5%
St. Leonhard 1.394 im Pitztal
5%
St. Georgen 3.609 am Längsee
4%
St. Georgen 549 am Reith
4%
St. Veit 3.914 an der Gölsen
4%
St. Georgen 566 bei Obernberg/Inn
4%
St. Martin 3.093 im Sulmtal
4%
St. Peter 1.256 im Sulmtal
4%
St. Martin 1.654 Karlsbach
4%
St. Peter 2.920 am Ottersbach
3%
St. Ulrich 1.833 am Pillersee
3%
St. Georgen 1.332 bei Grieskirchen
3%
St. Pantaleon 2.617 Erla
3%
St. Bernhard 1.299 Frauenhofen
3%
St. Anton 701 im Montafon
3%
St. Georgen 401 am Fillmannsbach
2%
St. Peter 2.060 am Kammersberg
2%
St. Georgen 1.765 am Kreischberg
2%
St. Martin 1.662 am Tennengebirge
2%
St. Georgen 1.513 an der Stiefing
2%
St. Sigmund 177 im Sellrain
2%
St. Leonhard 1.106 am Hornerwald
1%
St. Martin 805 am Wöllmißberg
1%
St. Georgen 1.342 an der Leys
1%
St. Johann 2.003 im Saggautal
1%
Keine übereinstimmenden Quizze gefunden
Verteilung der Resultate
Anzahl Personen mit jedem Resultat
Perzentil nach korrekt beantworteten Fragen
Ihre Resultats-Entwicklung
Sie haben dieses Quiz seit der letzten Aktualisierung nicht gespielt